000 00603nam a2200229Ia 4500
003 BUBTL
008 151213s9999 xx 000 0 und d
020 _a0099967502
082 _a809.93358/ Sa211e/ 1993
100 _aEdward W. Said
_95041
245 _aCultures and Imperialism :
_cEdward W. Said
250 _a1st Edn.
260 _aLondon
_bVintage
_cc1993
300 _a[xxxii], 443p. :
_b20 cm.
500 _aIncludes Index
650 _aEnglish
650 _a
700 _aEdward W. Said
_95041
856 _k0
_l0
_yDownload
942 _2ddc
_cBK
999 _c3799
_d3799